000 00620nam a2200193 a 4500
005 20140310183436.0
008 080201s19uu xx 00 eng d
020 _a9781403939487
050 _aHB 615
_b.En619 2006
245 _aCountry studies in entrepreneurship :
_ba historical perspective /
_cedited by Yousse Cassis.
260 _aLondon :
_bPalgrave Macmillan,
_c2006.
300 _a228 p. :
_c25 cm.
521 _aBSBA
650 _aEntrepreneurship
_xCase Studies.
650 _aEntrepreneurship
_xCross cultural studies.
700 _aMinoglou, Ioanna Pepelasis
942 _cBK
_2lcc
_kFOR
999 _c22901
_d22901